000 00744nam a2200241Ia 4500
001 dia_4296
003 CHAP
005 20251029154657.0
008 220117s1983 xx 000 0 und d
010 _a170766
040 _cCHAP
_amxchpua
090 _aFOLLETO 2822
100 _aMoreno Gálvez, Rodolfo
_978618
245 _aObtención de variedades de trigo de temporal zona centro /
_c Rodolfo Moreno Gálvez
260 _aMéxico :
_b SARH, Instituto nacional de investigaciones agrícolas,
_c1983
300 _a36 p.
500 _aS/c Folleto miscelaneo, 1)
650 _aTrigo
_9114954
901 _aFOLLETO 2822
902 _aM
905 _a0000001983 mx 0000000000spa00
942 _cFOLL
_2local
999 _c170766
_d170766